000 00859cam a22002651 4500
001 sa 65004417
003 DLC
005 20260227112130.0
008 890918s1964 ii b 000 0 hino
010 _asa 65004417
035 _a(OCoLC)20361521
040 _aDLC
_cWaU
_dDLC
042 _apremarc
043 _aa-ii---
050 0 0 _aPK5001.6
_b.J32
100 1 _aJain, Prem Sagar,
_d1924-
245 1 0 _aHindī Jainabhakti kāvya aura kavi.
260 _c[1964]
300 _a22, 507 p.
_c22 cm.
500 _aIn Hindi.
500 _aA revision of pt. 2 of the author's thesis, Agra University, and continuation of pt. 1, entitled Jaina bhakti-kāvya kī prshṭhabhumi.
504 _aBibliographical footnotes.
650 0 _aJaina poetry
_xHistory and criticism.
700 1 _aJain, Prem Sagar,
_d1924-
_tJaina bhakti-kāvyakī pr̥shṭhabhūmi.
999 _c63743
_d63743